[Event "Main Vogelsberg op 5th"]
[Site "Hanau"]
[Date "2010.04.29"]
[Round "2"]
[White "Vareskic, Mijo"]
[Black "Mainka, Walter"]
[Result "1-0"]
[WhiteElo "1052"]
[BlackElo "1670"]
[PlyCount "119"]
[EventDate "2010.04.28"]
[EventType "swiss"]
[EventRounds "7"]
[EventCountry "GER"]
[SourceTitle "CBM 136 Extra"]
[Source "ChessBase"]
[SourceDate "2010.07.02"]
[SourceVersion "2"]
[SourceVersionDate "2010.07.15"]
[SourceQuality "1"]

1. e4 c5 2. Nf3 Nc6 3. Bc4 e6 4. Nc3 a6 5. d4 cxd4 6. Nxd4 d6 7. Nxc6 bxc6 8. 0-0 Nf6 9. Bg5 Be7 10. Re1 h6 11. Bh4 g5 12. Bg3 e5 13. h3 Rb8 14. b3 Qc7 15. h4 a5 16. Rb1 Bg4 17. Qd2 Nh5 18. hxg5 Bxg5 19. Qd3 0-0 20. f3 Bc8 21. Bh2 Kh8 22. Ne2 f5 23. Qc3 fxe4 24. fxe4 Bg4 25. Rf1 Kh7 26. Ng3 Ng7 27. Qd3 Bf4 28. Rf2 Rbd8 29. Rbf1 Qb6 30. Kh1 Be6 31. Ne2 Bxc4 32. Qxc4 d5 33. Qd3 Kg8 34. Bxf4 dxe4 35. Qc4+ Kh8 36. Qxe4 exf4 37. Rxf4 Rfe8 38. Qg6 Kg8 39. Rg4 Qc7 40. Ng3 Re5 41. Nf5 Rxf5 42. Qxf5 Rd5 43. Qe6+ Kh7 44. Qg6+ Kg8 45. Qxh6 Qe7 46. Rh4 Qxh4+ 47. Qxh4 Rh5 48. Qxh5 Nxh5 49. Kh2 Ng7 50. Rf6 c5 51. c4 Ne8 52. Rc6 a4 53. bxa4 Kf7 54. a5 Ke7 55. a6 Kd7 56. Rxc5 Kd6 57. Rd5+ Kc6 58. a7 Nc7 59. g4 Na8 60. g5 1-0

[Event "Dortmund op-B"]
[Site "Dortmund"]
[Date "2009.07.06"]
[Round "3"]
[White "Mainka, Walter"]
[Black "Huebben, Dominik"]
[Result "1-0"]
[WhiteElo "1648"]
[BlackElo "1383"]
[PlyCount "121"]
[EventDate "2009.07.04"]
[EventType "swiss"]
[EventRounds "9"]
[EventCountry "GER"]
[SourceTitle "EXT 2012"]
[Source "ChessBase"]
[SourceDate "2011.11.24"]
[SourceVersion "1"]
[SourceVersionDate "2011.11.24"]
[SourceQuality "1"]

1. d4 e5 2. e3 exd4 3. exd4 d5 4. Nf3 Nf6 5. g3 g6 6. Bg2 Bg7 7. 0-0 0-0 8. Re1 c6 9. c3 Bf5 10. Nbd2 Nbd7 11. Nh4 Be6 12. Nf1 Re8 13. Ne3 Nb6 14. b3 Bg4 15. Qc2 Qd7 16. Ba3 Bh3 17. Bh1 Ng4 18. Nhg2 Nxe3 19. Nxe3 Re6 20. Bb4 Rae8 21. a4 Bh6 22. Qd2 Bxe3 23. fxe3 Nc8 24. c4 Ne7 25. Qf2 Nf5 26. cxd5 cxd5 27. Bd2 Nh6 28. Rac1 Qd6 29. Qf3 Rd8 30. Rc5 Rf6 31. Qxd5 Ng4 32. Qxd6 Rdxd6 33. Bxb7 Rf2 34. Bc3 Kg7 35. Rb5 Rc2 36. Rc5 Kh6 37. Be4 Ra2 38. d5 Rxh2 39. Bf3 Ra2 40. Bxg4 Bxg4 41. e4 Bf3 42. Be5 Rb6 43. Re3 Bd1 44. Rb5 Rxb5 45. axb5 Ra5 46. d6 Bg4 47. Bd4 Rxb5 48. Bxa7 Re5 49. Bd4 Re8 50. e5 Kg5 51. Kf2 Be6 52. b4 Kf5 53. b5 Bd7 54. b6 Ke6 55. Kf3 Kd5 56. Rd3 Bc6 57. Kf4 Kc4 58. Rd2 h6 59. Ba1 Kb5 60. Bd4 Ka6 61. Ra2+ 1-0

[Event "GER Seniors Derby 07th"]
[Site "Wesel Undeloh"]
[Date "2008.03.29"]
[Round "6.13"]
[White "Oppermann, Peter"]
[Black "Mainka, Walter"]
[Result "1-0"]
[WhiteElo "1800"]
[BlackElo "1565"]
[PlyCount "75"]
[EventDate "2008.03.27"]
[EventType "swiss"]
[EventRounds "7"]
[EventCountry "GER"]
[SourceTitle "EXT 2022"]
[Source "ChessBase"]
[SourceDate "2021.10.06"]
[SourceVersion "1"]
[SourceVersionDate "2021.10.06"]
[SourceQuality "1"]

1. f4 d5 2. b3 c5 3. Bb2 Nc6 4. e3 a6 5. Nf3 h6 6. Be2 Nf6 7. 0-0 Bf5 8. d3 e6 9. h3 d4 10. e4 Bh7 11. Qe1 Qc7 12. g4 0-0-0 13. Bc1 Be7 14. a3 b5 15. c3 Rhe8 16. cxd4 cxd4 17. Bd2 Kb7 18. b4 Nd7 19. a4 Nb6 20. axb5 axb5 21. Na3 Na7 22. Rc1 Qd6 23. Ne5 Bg8 24. Bf3 f6 25. Nf7 Qd7 26. Nxd8+ Rxd8 27. e5+ Nd5 28. Qe4 Nc6 29. Nxb5 f5 30. Qe2 Kb6 31. Na3 g6 32. Nc4+ Kb5 33. Na5 Ncxb4 34. Bxb4 Bxb4 35. Bxd5 exd5 36. Nc6 Rc8 37. Nxb4 Rc3 38. Qb2 1-0

[Event "Hessen-ch Gr-D 62nd"]
[Site "Hanau"]
[Date "2008.03.22"]
[Round "4"]
[White "Mainka, Walter"]
[Black "Cimen, Merih"]
[Result "1-0"]
[WhiteElo "1540"]
[BlackElo "1556"]
[PlyCount "35"]
[EventDate "2008.03.21"]
[EventType "swiss"]
[EventRounds "5"]
[EventCountry "GER"]
[SourceTitle "CBM 123 Extra"]
[Source "ChessBase"]
[SourceDate "2008.05.06"]
[SourceVersion "1"]
[SourceVersionDate "2008.05.06"]
[SourceQuality "1"]

1. d4 Nf6 2. c4 g6 3. Nc3 c5 4. e3 Bg7 5. Nf3 0-0 6. Be2 d6 7. 0-0 e6 8. Qc2 Nc6 9. a3 Qb6 10. Rd1 Na5 11. dxc5 dxc5 12. Nb5 a6 13. Rd6 Qxd6 14. Nxd6 Rd8 15. Ne4 Nxe4 16. Qxe4 Bd7 17. Qc2 Bc6 18. Bd2 1-0

[Event "Hessen-ch Gr-D 62nd"]
[Site "Hanau"]
[Date "2008.03.22"]
[Round "3"]
[White "Will, Dominik"]
[Black "Mainka, Walter"]
[Result "1-0"]
[WhiteElo "1585"]
[BlackElo "1540"]
[PlyCount "99"]
[EventDate "2008.03.21"]
[EventType "swiss"]
[EventRounds "5"]
[EventCountry "GER"]
[SourceTitle "CBM 123 Extra"]
[Source "ChessBase"]
[SourceDate "2008.05.06"]
[SourceVersion "1"]
[SourceVersionDate "2008.05.06"]
[SourceQuality "1"]

1. c4 c5 2. Nc3 e6 3. g3 Nc6 4. Bg2 Nf6 5. e4 Ne5 6. d3 a6 7. Nge2 Be7 8. 0-0 0-0 9. a3 d6 10. Rb1 Bd7 11. b4 b6 12. f4 Nc6 13. b5 axb5 14. cxb5 Nd4 15. e5 Nd5 16. Nxd5 exd5 17. Nxd4 cxd4 18. Qb3 Rc8 19. Bd2 Rc5 20. a4 Bg4 21. Bb4 Rc8 22. Rbc1 Rxc1 23. Rxc1 dxe5 24. fxe5 Bxb4 25. Qxb4 Qg5 26. Re1 Be6 27. Qxd4 Qd2 28. Rf1 Qa2 29. Qxb6 Qxa4 30. Rc1 Qa3 31. Qe3 d4 32. Qd2 g6 33. Rb1 Rb8 34. Be4 Kg7 35. Qb4 Qa2 36. Qb2 Qa4 37. b6 f5 38. exf6+ Kxf6 39. b7 Kg7 40. Ra1 Qd7 41. Ra8 Qd8 42. Rxb8 Qxb8 43. Qxd4+ Kh6 44. Qb6 Bh3 45. Qa5 Qf8 46. Qd2+ g5 47. Qf2 Qd6 48. b8Q Qxb8 49. Qf6+ Kh5 50. Qf7+ 1-0

[Event "Dortmund op-B"]
[Site "Dortmund"]
[Date "2007.07.01"]
[Round "9"]
[White "Duschek, Guenter"]
[Black "Mainka, Walter"]
[Result "0-1"]
[WhiteElo "1592"]
[BlackElo "1559"]
[PlyCount "143"]
[EventDate "2007.06.22"]
[EventType "swiss"]
[EventRounds "9"]
[EventCountry "GER"]
[SourceTitle "EXT 2008"]
[Source "ChessBase"]
[SourceDate "2007.11.25"]
[SourceVersion "1"]
[SourceVersionDate "2007.11.25"]
[SourceQuality "1"]

1. d4 d5 2. Bf4 e6 3. Nf3 Bd6 4. Bg3 Nf6 5. e3 a6 6. a4 c5 7. c3 Nc6 8. Nbd2 0-0 9. Bd3 c4 10. Bc2 g6 11. e4 Nh5 12. e5 Be7 13. h4 Bd7 14. Qe2 b5 15. axb5 axb5 16. 0-0 Qc7 17. Bh2 Ra5 18. g4 Ng7 19. Bf4 Rfa8 20. Rxa5 Rxa5 21. Bh6 Ra2 22. Rb1 Qa5 23. Bg5 Bf8 24. h5 b4 25. hxg6 fxg6 26. Nh4 Be8 27. cxb4 Qxb4 28. Ndf3 Rxb2 29. Rc1 Qb6 30. Be3 Be7 31. Qd1 Nb4 32. Ba4 Ra2 33. Bxe8 Nxe8 34. Ra1 Qa6 35. Rb1 Qa4 36. Qxa4 Rxa4 37. Bd2 Nc7 38. Ng2 Kg7 39. Nge1 h6 40. Bxb4 Rxb4 41. Ra1 Rb7 42. Nc2 Kf8 43. Kg2 Ke8 44. Rh1 Bf8 45. g5 h5 46. Nh4 Kf7 47. Rh3 Be7 48. Rf3+ Kg7 49. Rg3 Rb3 50. Nf3 Nb5 51. Rh3 Rc3 52. Ne3 Rd3 53. Rh1 Nxd4 54. Nxd4 Rxd4 55. Ra1 Rf4 56. Ra7 Kf7 57. Nc2 Rg4+ 58. Kf1 Rxg5 59. Nd4 Ke8 60. f4 Rg3 61. Nxe6 c3 62. Nc7+ Kf8 63. Nxd5 Bc5 64. Rc7 Bd4 65. Rh7 c2 66. Rh8+ Kg7 67. Rc8 Rg1+ 68. Ke2 c1Q 69. Rxc1 Rxc1 70. e6 Bf6 71. Ke3 Re1+ 72. Kf3 0-1

[Event "Dortmund op-B"]
[Site "Dortmund"]
[Date "2007.06.30"]
[Round "8"]
[White "Mainka, Walter"]
[Black "Kupinski, Mirko"]
[Result "1/2-1/2"]
[WhiteElo "1559"]
[BlackElo "1620"]
[PlyCount "96"]
[EventDate "2007.06.22"]
[EventType "swiss"]
[EventRounds "9"]
[EventCountry "GER"]
[SourceTitle "EXT 2008"]
[Source "ChessBase"]
[SourceDate "2007.11.25"]
[SourceVersion "1"]
[SourceVersionDate "2007.11.25"]
[SourceQuality "1"]

1. d4 Nf6 2. c4 c5 3. e3 e6 4. Nf3 d5 5. cxd5 Nxd5 6. Nc3 Nc6 7. Nxd5 Qxd5 8. b3 b6 9. Bc4 Qd8 10. Bb2 cxd4 11. 0-0 Be7 12. Nxd4 Nxd4 13. Bxd4 0-0 14. Qf3 Bd7 15. Rfd1 Qc8 16. Bd3 Bc6 17. Qg3 g6 18. Rac1 Qd7 19. Be2 Rfd8 20. Be5 Qb7 21. Bd4 Bd6 22. f4 Rac8 23. Bf1 Ba3 24. Rc2 Bd5 25. Rf2 Bc5 26. Bf6 Be7 27. Bb2 Rc7 28. Be5 Rcd7 29. Rfd2 Bc6 30. Qf2 Bc5 31. Rxd7 Rxd7 32. Rxd7 Qxd7 33. h3 a5 34. Kh2 a4 35. Qh4 Be7 36. Qf2 axb3 37. axb3 f6 38. Bd4 Kf7 39. Bxb6 Qb7 40. Bd4 Qxb3 41. g3 Qd5 42. Bg2 Qxg2+ 43. Qxg2 Bxg2 44. Kxg2 f5 45. Kf3 h5 46. g4 Ke8 47. gxh5 gxh5 48. Bg7 Kf7 1/2-1/2

[Event "Dortmund op-B"]
[Site "Dortmund"]
[Date "2007.06.27"]
[Round "5"]
[White "Schneider, Robert"]
[Black "Mainka, Walter"]
[Result "1/2-1/2"]
[WhiteElo "1699"]
[BlackElo "1559"]
[PlyCount "101"]
[EventDate "2007.06.22"]
[EventType "swiss"]
[EventRounds "9"]
[EventCountry "GER"]
[SourceTitle "EXT 2008"]
[Source "ChessBase"]
[SourceDate "2007.11.25"]
[SourceVersion "1"]
[SourceVersionDate "2007.11.25"]
[SourceQuality "1"]

1. e4 c5 2. Nf3 Nc6 3. Bb5 Qc7 4. c3 a6 5. Ba4 b5 6. Bc2 e5 7. 0-0 Be7 8. d3 d6 9. Nbd2 Nf6 10. Re1 Bg4 11. Nf1 0-0 12. h3 Bd7 13. Ne3 h6 14. Nh2 Be6 15. Nhg4 Rad8 16. Qf3 Nxg4 17. hxg4 Qd7 18. Bb3 Bxb3 19. axb3 a5 20. Nf5 Qe6 21. g3 Kh7 22. Kg2 Rh8 23. Rh1 Kg8 24. g5 Bf8 25. gxh6 gxh6 26. Rh4 Ne7 27. Bg5 Re8 28. Rah1 Ng6 29. Nxh6+ Bxh6 30. Rxh6 Kg7 31. Rxh8 Rxh8 32. Rxh8 Nxh8 33. Qh5 Ng6 34. Qh6+ Kg8 35. Kf3 d5 36. Ke3 d4+ 37. cxd4 cxd4+ 38. Kd2 Qxb3 39. Bf6 Qb4+ 40. Kc2 Qc5+ 41. Kb1 Qf8 42. Qg5 Qb8 43. Qh6 Qf8 44. Qxf8+ Kxf8 45. Ka2 Ke8 46. Kb3 Kd7 47. f3 Kd6 48. Bd8 a4+ 49. Kb4 Kc6 50. Bf6 Kb6 51. Bd8+ 1/2-1/2

[Event "Dortmund op-B"]
[Site "Dortmund"]
[Date "2007.06.24"]
[Round "3"]
[White "Stockhuss, Kevin"]
[Black "Mainka, Walter"]
[Result "1-0"]
[WhiteElo "1663"]
[BlackElo "1559"]
[PlyCount "121"]
[EventDate "2007.06.22"]
[EventType "swiss"]
[EventRounds "9"]
[EventCountry "GER"]
[SourceTitle "EXT 2008"]
[Source "ChessBase"]
[SourceDate "2007.11.25"]
[SourceVersion "1"]
[SourceVersionDate "2007.11.25"]
[SourceQuality "1"]

1. d4 d5 2. c4 e6 3. Nc3 Nf6 4. Bg5 Be7 5. cxd5 exd5 6. e3 0-0 7. Qc2 c6 8. Bd3 Nbd7 9. Nge2 Re8 10. 0-0-0 Nf8 11. Kb1 Ng4 12. Bxe7 Qxe7 13. Ng3 g6 14. h3 Nh6 15. h4 Bg4 16. Rc1 Bd7 17. h5 Ng4 18. hxg6 fxg6 19. Rce1 Qf7 20. Re2 Re7 21. Rhe1 Rae8 22. Qd2 Ne6 23. Bc2 Kg7 24. f3 Nf6 25. Rh1 Ng8 26. e4 Qf4 27. Qxf4 Nxf4 28. Rd2 dxe4 29. fxe4 Nf6 30. Rf1 Ne6 31. e5 Ng4 32. Nce4 Rf8 33. Rxf8 Kxf8 34. Nd6 Nd8 35. Nge4 Kg7 36. Bb3 b6 37. Kc2 Ne3+ 38. Kc3 Be6 39. Bxe6 Nxe6 40. Kd3 Nd5 41. a3 Nd8 42. Rf2 h6 43. Nf6 Ne6 44. g3 Ndc7 45. Re2 Na6 46. Nfe4 Kh8 47. Rf2 Kg7 48. Rf1 h5 49. Rf6 c5 50. Nc8 Rc7 51. Rxe6 Rxc8 52. Re7+ Kh6 53. Rxa7 c4+ 54. Kd2 Nb8 55. Ra8 Rf8 56. e6 Kg7 57. d5 Rd8 58. Ra7+ Kh6 59. Nf6 Rd6 60. e7 Nc6 61. e8Q 1-0

[Event "Main Vogelsberg op 2nd"]
[Site "Grossauheim"]
[Date "2007.06.09"]
[Round "5"]
[White "Mainka, Walter"]
[Black "Krueger, Jens"]
[Result "0-1"]
[WhiteElo "1559"]
[BlackElo "1330"]
[PlyCount "138"]
[EventDate "2007.06.07"]
[EventType "swiss"]
[EventRounds "7"]
[EventCountry "GER"]
[SourceTitle "EXT 2008"]
[Source "ChessBase"]
[SourceDate "2007.11.25"]
[SourceVersion "1"]
[SourceVersionDate "2007.11.25"]
[SourceQuality "1"]

1. d4 Nf6 2. c4 g6 3. Nc3 Bg7 4. e3 d6 5. b4 0-0 6. Bb2 b6 7. a4 c5 8. Qf3 Qc7 9. Nb5 Qc6 10. d5 Qd7 11. bxc5 bxc5 12. Bd3 Na6 13. Bc3 Nb4 14. Bxb4 cxb4 15. Rb1 a6 16. Nd4 Qxa4 17. Qe2 e6 18. dxe6 Bxe6 19. Ngf3 Rfb8 20. Nb3 Qc6 21. Nbd4 Qc7 22. 0-0 Nd7 23. Ng5 Nc5 24. Ngxe6 Nxe6 25. Be4 Nxd4 26. exd4 Ra7 27. Qd3 a5 28. Rfc1 a4 29. c5 b3 30. Bd5 b2 31. Rc2 a3 32. Ba2 dxc5 33. Rxc5 Qf4 34. Rc4 Raa8 35. d5 Qf5 36. Qd1 Rc8 37. g4 Qd7 38. Rxc8+ Rxc8 39. h3 Bh6 40. Kg2 Rc1 41. Qd3 Bf8 42. Qb3 Bd6 43. Qd3 Qc7 44. Qe4 Rxb1 45. Qxb1 Qc1 46. Qe4 Qa1 47. Qb1 Kf8 48. Kf3 Be5 49. Ke4 f6 50. f4 Bd6 51. f5 g5 52. Kd4 Ke7 53. Kc4 Kd7 54. Kb5 Qxb1 55. Bxb1 Kc7 56. Ba2 Be7 57. Bb1 Kd6 58. Kc4 Ke5 59. Ba2 Ke4 60. Bb1+ Ke3 61. Kc3 Bd6 62. Ba2 Be5+ 63. Kb3 Bd6 64. Kc2 Kd4 65. Kb1 Kc3 66. h4 gxh4 67. g5 fxg5 68. f6 h3 69. f7 h2 0-1

[Event "Main Vogelsberg op 2nd"]
[Site "Grossauheim"]
[Date "2007.06.08"]
[Round "3"]
[White "Mainka, Walter"]
[Black "Noll, Markus"]
[Result "0-1"]
[WhiteElo "1559"]
[BlackElo "1893"]
[PlyCount "120"]
[EventDate "2007.06.07"]
[EventType "swiss"]
[EventRounds "7"]
[EventCountry "GER"]
[SourceTitle "EXT 2008"]
[Source "ChessBase"]
[SourceDate "2007.11.25"]
[SourceVersion "1"]
[SourceVersionDate "2007.11.25"]
[SourceQuality "1"]

1. d4 f5 2. c4 Nf6 3. Nc3 g6 4. e3 Bg7 5. Be2 d6 6. f4 c6 7. Nf3 Qc7 8. 0-0 0-0 9. b4 Re8 10. Bb2 Ng4 11. Qd2 e5 12. h3 exd4 13. exd4 Nf6 14. Rae1 Ne4 15. Qc1 Nd7 16. Bd3 Ndf6 17. Re2 Bd7 18. Rfe1 Nxc3 19. Bxc3 Nh5 20. Kh2 Rxe2 21. Rxe2 Bf6 22. h4 h6 23. g3 Rf8 24. Qe1 Qd8 25. d5 Bxc3 26. Qxc3 cxd5 27. cxd5 Nf6 28. Qb3 Qb6 29. a3 a6 30. a4 Kf7 31. a5 Qa7 32. Bc4 Ng4+ 33. Kg2 Re8 34. Qd3 Ne3+ 35. Kh3 Re4 36. Nd2 Re8 37. Nf3 b5 38. axb6 Qxb6 39. Bxa6 Ng4 40. Nd4 Rxe2 41. Qxe2 Qxd4 42. Qg2 Qxb4 43. Be2 Qd2 44. Bxg4 fxg4+ 45. Kh2 Qxg2+ 46. Kxg2 Bb5 47. Kf2 Bc4 48. Ke3 Bxd5 49. Kd3 Kf6 50. Ke3 h5 51. Kd4 Bf3 52. Ke3 Ke6 53. Kd4 Kd7 54. Kc4 Kc6 55. Kd4 Kb5 56. Kc3 Kc5 57. Kd3 d5 58. Kc3 Be4 59. Kd2 Kc4 60. Kc1 Kc3 0-1

[Event "Main Vogelsberg op 2nd"]
[Site "Grossauheim"]
[Date "2007.06.07"]
[Round "1"]
[White "Mainka, Walter"]
[Black "Hock, Gerold"]
[Result "0-1"]
[WhiteElo "1559"]
[BlackElo "1982"]
[PlyCount "60"]
[EventDate "2007.06.07"]
[EventType "swiss"]
[EventRounds "7"]
[EventCountry "GER"]
[SourceTitle "EXT 2008"]
[Source "ChessBase"]
[SourceDate "2007.11.25"]
[SourceVersion "1"]
[SourceVersionDate "2007.11.25"]
[SourceQuality "1"]

1. d4 d5 2. e3 Nf6 3. c4 e6 4. a3 Be7 5. Nc3 0-0 6. b4 a5 7. b5 b6 8. f4 Bb7 9. Nf3 Nbd7 10. Bb2 Rb8 11. Bd3 c5 12. bxc6 Bxc6 13. 0-0 dxc4 14. Bxc4 b5 15. Bd3 b4 16. Nb1 Nd5 17. Qd2 bxa3 18. Nxa3 Nxe3 19. Rfc1 Bxf3 20. gxf3 Nd5 21. Nc4 Bb4 22. Bc3 Nxc3 23. Rxc3 Nf6 24. Rac1 Qxd4+ 25. Kg2 Bxc3 26. Rxc3 g6 27. Ne5 Rb1 28. Rc1 Rb2 29. Rc2 Rxc2 30. Qxc2 Nd5 0-1